000 00711cam a22002171 4500
001 sa 68019088
003 DLC
005 20260227112716.0
008 720725s1962 xx 000 0 eng
010 _asa 68019088
035 _a(OCoLC)365133
040 _aDLC
_cOAU
_dDLC
050 0 0 _aDU744.5
_b.S899
100 0 _aSoekarno,
_d1901-1970.
245 1 0 _aOnly a nation with self-reliance can become a great nation.
260 _a[Djakarta]
_bDept. of Information, Republic of Indonesia
_c[1962]
300 _a15 p.
_c21 cm.
500 _a"Special issue, 88."
500 _a"Speech ... at a commemoration of National Reawakening Day, 20 May 1962, at Negara Palace, Djakarta."
651 0 _aPapua (Indonesia)
999 _c88813
_d88813